|
|
|
|
| LEADER |
01071nam a22002417a 4500 |
| 001 |
33711 |
| 003 |
BD-DhAAL |
| 005 |
20180913123728.0 |
| 008 |
180913t2018 bg a|||| ||||f00| 0 eng d |
| 999 |
|
|
|c 39996
|d 39996
|
| 040 |
|
|
|a BD-DhAAL
|b BD-DhAAL
|
| 082 |
|
|
|a 354.549200722
|2 23
|
| 245 |
|
|
|a Blooming children :
|b prosperous Bangladesh : child focused budget, 2018-19
|
| 260 |
|
|
|a Dhaka :
|b Finance division, Ministry of Finance, Government of the People's Republic of Bangladesh,
|c 2018
|
| 300 |
|
|
|a 144 pages :
|b illustrations ;
|c 25 cm.
|
| 526 |
|
|
|a AAL
|
| 541 |
|
|
|a Development Book Agency
|e 33711
|
| 650 |
|
|
|a Budget
|z Bangladesh
|9 21818
|
| 650 |
|
|
|a Child welfare
|x Finance
|z Bangladesh
|9 21819
|
| 710 |
|
|
|a Government of the People's Republic of Bangladesh,
|b Ministry of Finance,
|b Finance division
|9 21820
|
| 852 |
|
|
|a Ayesha Abed Library
|c General Stacks
|
| 942 |
|
|
|2 ddc
|c BK
|
| 952 |
|
|
|0 0
|1 0
|2 ddc
|4 0
|6 354_549200722000000_BLO
|7 0
|9 64280
|a BRACUL
|b BRACUL
|c GEN
|d 2018-08-28
|e Development Book Agency
|g 100.00
|l 0
|o 354.549200722 BLO
|p 3010033711
|r 2018-08-28
|t 1
|v 100.00
|w 2018-08-28
|y BK
|